000 01864nam0a2200349 4500
001 RU\NLR\BIBL_A\022191708
005 20240812114121.0
010 _a978-5-4443-0280-4
_9500
021 _aRU
_bКН-П-24-012581
_9КН-П-24-1308
035 _a(NLR Aleph) 022191708
090 _a13015048
_c13015048
100 _a20240409d2023 k y0rusy50 ca
101 0 _arus
102 _aRU
105 _aa|||z|||000yy
181 0 _ai3
_baxxe
182 0 _an
200 1 _aНаучно-исследовательский институт конструкционных материалов на основе графита
_eНИИграфит - 2023
_eсборник статей
_fНИИграфит, Росатом
203 _aТекст
_bвизуальный
_cнепосредственный
210 _aМосква
_cНаучные технологии
_d2023
215 _a233 с.
_cил., табл.
_d21
300 _aЗагл. в макете и вып. дан.: Научно-исследовательский институт конструкционных материалов на основе графита - 2023
320 _aБиблиогр. в конце ст.
517 1 _aНаучно-исследовательский институт конструкционных материалов на основе графита - 2023
606 1 _aКонструкционные материалы на основе графита
_jСборники
_91363788
_3RU\NLR\AUTH\66570804
686 1 _aЛ252.2я43
711 0 2 _aГосударственный НИИ конструкционных материалов на основе графита
_cМосква
_9839626
_3RU\NLR\AUTH\8810171890
942 _cBOOK
980 _aNB